000
00299nam a2200133Ia 4500
100
_a
Simms
942
_c
BK
654
_a
Work Analysis
245
_a
Project Net Work Analysis & Critical Path
260
_b
Machinery Publication & co
_c
2001
082
_a
658.4
300
_a
98
546
_a
ENGLISH
999
_c
19451
_d
19451